| 000 | 00342nam a2200121Ia 4500 | ||
|---|---|---|---|
| 008 | 190722s9999 xx 000 0 und d | ||
| 020 | _a978-81-265-4120-1 | ||
| 100 | _aDr. Mark Gradener | ||
| 245 | 0 | _aBeginning R (The Statistical Programming Language) | |
| 260 |
_aNew Delhi _bJohn Wiley & Sons.Inc. (India) _c2015 |
||
| 300 | _a475 | ||
| 942 | _cBK | ||
| 999 |
_c270 _d270 |
||